What Book of the Bible? - Statistics

General Stats
  • This quiz has been taken 7 times
  • The average score is 6 of 10
Answer Stats
Hint Answer % Correct
In the beginning, God created the heavens and the earth Genesis 1:1
100%
For God so loved the world, that he gave his only son, that who ever believes in him should not perish but have eternal life John 3:16
100%
Your word is a lamp to my feet and a light to my path Psalm 119:105
100%
But seek first the kingdom of God and his righteousness, and all these things will be added to you Matthew 6:33
67%
Love is patient and kind; love does not envy or boast; it is not arrogant 1 Corinthians 13:4
50%
For the wages of sin is death, but the free gift of God is eternal life in Christ Jesus our Lord Romans 6:23
50%
Have I not commanded you? Be strong and courageous. Do not be frightened, and do not be dismayed, for the Lord your God is with you wherever you go Joshua 1:9
33%
Beloved, if God so loved us, we also ought to love one another 1 John 4:11
17%
To the King of the ages, immortal, invisible, the only God, be honor and glory forever and ever. Amen 1 Timothy 1:17
17%
I can do all things through him who strengthens me Philippians 4:13
17%
No matching quizzes found
Score Distribution
Percent of People with Each Score
Percentile by Number Answered
Your Score History
You have not taken this quiz